000 00555nam a2200205Ia 4500
003 OSt
005 20241210093048.0
008 210716s1979 xx 000 0 und d
020 _a0553138634
040 _cAIMIT LIBRARY
041 _aeng
082 _a808.83
_21
_bFORF
100 _aForsyth, Frederick.
_9189238
245 _aDevils alternative /
_cBy Frederick Forsyth
250 _a1st ed.
260 _aNew York :
_bBantam books ;
_c1979.
300 _a404p. ;
_bPB
_c17 cm.
650 _aNovels
_9189239
942 _2ddc
_cBK
_e1st ed.
_k808.83 FORF
999 _c200188
_d200188